| 000 | 00887nam a2200265Ia 4500 | ||
|---|---|---|---|
| 003 | GCL | ||
| 008 | 140319s9999 xx 000 0 ara d | ||
| 040 |
_aGCL / _cGCL |
||
| 082 | 0 | 4 |
_a391 _bس م |
| 100 | 1 | _aسلوى المغربى | |
| 245 | 1 | 0 |
_aالموسوعة المختصرة : للازياء والحلى وأدوات الزينة الشعبية فى الكويت / _cسلوى المغربى |
| 300 | _a400 ص | ||
| 490 |
_aلايف المكتبة العلمية , 1 _v0 |
||
| 650 | 0 | 4 | _aالكويت |
| 650 | 0 | 4 | _aالعادات والتقاليد |
| 650 | 0 | 4 | _aالحلى |
| 650 | 0 | 4 | _aالمجوهرات |
| 650 | 0 | 4 | _aتصميم الازياء |
| 650 | 0 | 4 | _aالازياء الشعبية |
| 650 | 0 | 4 | _aالكويت - تاريخ |
| 650 | 0 | 4 | _aالازياء العربية |
| 650 | 0 | 4 | _aالازياء - تاريخ |
| 650 | 0 | 4 | _aالاحذية |
| 942 |
_2ddc _cBK |
||
| 999 |
_c39689 _d39689 |
||